Spectacles du puy du fou par images - Statistiques

Statistiques générales
  • Ce quiz a été pris 332 fois
  • Le résultat moyen est 12 sur 19
Statistiques - réponses
Par images Réponse % Correct
Les Vikings
96%
Le bal des oiseaux fantômes
85%
Le signe du triomphe
84%
Le secret de la lance
79%
Le dernier panache
76%
Le mime et l'étoile
76%
La Cinéscénie
73%
Les amoureux de Verdun
73%
Le mystère de la pérouse
64%
Les chevaliers de la table ronde
63%
Le grand carillon
58%
Le premier royaume
52%
Les grandes eaux
52%
Mousquetaire de richelieu
51%
La renaissance du chateau
49%
Les automates musiciens
46%
Les orgues de feu
41%
Le ballet des sapeurs
35%
Le monde imaginaire de la Fontaine
23%
Aucun quiz correspondant
Distribution des résultats
% des personnes avec chaque résultat
Percentile par nombre de réponses
Votre historique - résultats
Vous n’avez pas pris ce quiz